[Event "La Urbina Mejorando Cup 16th"]
[Site "La Urbina"]
[Date "2021.03.06"]
[Round "4"]
[White "Ramirez Andrade, Samuel Josue"]
[Black "Gonzalez Figueroa, Alejandro"]
[Result "1-0"]
[WhiteElo "1631"]
[BlackElo "1603"]
[PlyCount "75"]
[EventDate "2021.03.05"]
[EventType "swiss"]
[EventRounds "5"]
[EventCountry "VEN"]
[SourceTitle "EXT 2022"]
[Source "ChessBase"]
[SourceDate "2021.10.06"]
[SourceVersion "1"]
[SourceVersionDate "2021.10.06"]
[SourceQuality "1"]

1. d4 d5 2. e3 Nf6 3. c4 c6 4. Nc3 Bf5 5. Nf3 e6 6. Be2 Bd6 7. Bd2 0-0 8. Nh4 Bg6 9. Nxg6 fxg6 10. Qc2 b6 11. 0-0-0 c5 12. Bf3 Nc6 13. cxd5 Nb4 14. Qb3 c4 15. Qxc4 Rc8 16. Qe2 Nfxd5 17. Kb1 Qd7 18. a3 Nxc3+ 19. Bxc3 Nd5 20. Bxd5 exd5 21. Rc1 Qf5+ 22. Rc2 Rc7 23. Ka1 Rcf7 24. Be1 Rc8 25. Rxc8+ Qxc8 26. Bd2 Qf5 27. f3 Re7 28. Re1 Bxh2 29. g4 Qf6 30. Qxh2 Qxf3 31. Qb8+ Kf7 32. Qf4+ Qxf4 33. exf4 Rxe1+ 34. Bxe1 h5 35. gxh5 gxh5 36. Kb1 Ke6 37. Kc2 Kf5 38. Bf2 1-0

[Event "Central America Carribean-ch U20"]
[Site "Porlamar"]
[Date "2015.08.24"]
[Round "5"]
[White "Hernandez Mora, Ulises Jose"]
[Black "Ramirez Andrade, Samuel Josue"]
[Result "0-1"]
[WhiteElo "1674"]
[BlackElo "1398"]
[PlyCount "52"]
[EventDate "2015.08.22"]
[EventType "swiss"]
[EventRounds "9"]
[EventCountry "VEN"]
[SourceTitle "EXT 2018"]
[Source "ChessBase"]
[SourceDate "2017.10.13"]
[SourceVersion "1"]
[SourceVersionDate "2017.10.13"]
[SourceQuality "1"]

1. d4 d5 2. c4 c6 3. Nc3 Nf6 4. cxd5 cxd5 5. Bg5 Bf5 6. e3 Nbd7 7. Qb3 Qb6 8. Bb5 e6 9. Nge2 a6 10. Qa4 Qd8 11. Bxf6 gxf6 12. Bxd7+ Qxd7 13. Ng3 Bg6 14. Rc1 Rc8 15. h4 Qxa4 16. Nxa4 Rxc1+ 17. Ke2 Rxh1 18. Nxh1 h5 19. Ng3 Bd6 20. Nc3 Bxg3 21. fxg3 Kd7 22. a3 Rc8 23. Kd2 Be4 24. Nxe4 dxe4 25. b4 Kd6 26. a4 Kd5 0-1